000 00298 a2200121 4500
000 nam a22 7a 4500
005 20260212160008.0
020 _a9789348759184 (hbk)
100 _aGreene, Brian
_91115463
245 _aEk muzayyan kainat
260 _bMatterlink Publishers
_c2025
942 _cTB
999 _c1679463
_d1679463